Normal view
MARC view
- Taliban.
Entry Corporate Name
001 - CONTROL NUMBER
- control field: 11300
003 - CONTROL NUMBER IDENTIFIER
- control field: NUST
005 - DATE AND TIME OF LATEST TRANSACTION
- control field: 20180627105209.0
008 - FIXED-LENGTH DATA ELEMENTS
- fixed length control field: 180627|| aca||aabn | a|a d
040 ## - CATALOGING SOURCE
- Original cataloging agency: NUST
- Transcribing agency: NUST
110 ## - HEADING--CORPORATE NAME
- Corporate name or jurisdiction name as entry element: Taliban.
670 ## - SOURCE DATA FOUND
- Source citation: Work cat.: (NUST)0: Strick van Linschoten, Alex. 11299, An enemy we created :, 2012.
